Zvlášňý škola

Korporativní autor: Zvlášňý škola (hudební skupina)
Jazyk: Čeština
Vydáno: Plzeň : AVIK, p1998
Témata:
Fyzický popis: 1 CD ; 12 cm + 1 list.
Zvukové nahrávky
Uloženo v:
LEADER 00976njm a2200301 a 4500
001 000355460
003 CZ BrMZK
005 19980105143423.0
008 980105s1998 xr f cze d
028 0 3 |a 013098  |b AVIK 
040 |a BOA001  |b cze 
080 |a 784.4.03(086.7)  |2 MRF 
110 2 |a Zvlášňý škola (hudební skupina)  |7 ko2002102575  |4 prf 
245 1 0 |a Zvlášňý škola  |h [zvukový záznam] /  |c Zvláštňý škola. 
246 3 3 |a Foddball 
246 3 3 |a Modrobílá 
246 3 3 |a Tátova ukolébavka 
246 3 3 |a Z kola ven 
260 |a Plzeň :  |b AVIK,  |c p1998 
300 |a 1 CD ;  |c 12 cm +  |e 1 list. 
500 |a Nahr. 1998 
500 |a Durata neuv 
505 2 |a Modrobílá, Z kola ven, Tátova ukolébavka...[et al.] 
653 0 |a rocková hudba 
910 |a BOA001  |b CD-0006.394 
964 |a Hudba rocková  |z stol.20.,léta 90.  |x CD 
990 |a AV 
996 6 |b 261H006755  |c CD-0006.394  |l MZK  |r Sklad / do 24 hodin  |n 0  |p p.v.  |w 000355460  |u 000010  |a 1  |e BOA001  |j MZK50  |s P